| 000 | 01568nam a2200349 i 4500 | ||
|---|---|---|---|
| 003 | EG-GICUC | ||
| 005 | 20260121101152.0 | ||
| 008 | 251106b1972 ua ||||f |||| 00| 0 ara d | ||
| 040 |
_a EG-GICUC _c EG-GICUC _d EG-GICUC _erda _bara |
||
| 041 | _aara | ||
| 082 | 0 | 4 |
_221 _a345.42073 _bج ل . م |
| 092 | 0 | 4 | _221 |
| 099 | _aLaw1 07 345.42073 1972 ج ل . م | ||
| 100 | 0 |
_aجلال الدين أحمد قاسم _eمؤلف. |
|
| 245 | 1 | 2 |
_aالملامح الرئيسية لنظام الخدمة المدنية الفدرالية في الولايات المتحدة الأمريكية / _cإعداد جلال الدين أحمد قاسم، عبد الحليم مرسي طه. |
| 264 | 1 |
_aالقاهرة : _bجامعة الدول العربية-المنظمة العربية للعلوم الإدارية، مركز البحوث الإدارية، _c1972. |
|
| 300 |
_a82 صفحة : _c24 سم. _bإيضاحيات ؛ |
||
| 336 |
_2rda content _atext |
||
| 337 |
_2rda media _aComputer |
||
| 338 |
_2rda carrier _aOnline Resource |
||
| 490 | _v116 | ||
| 500 | _aيشتمل على ملاحق. | ||
| 504 | _aيشتمل على إرجاعات ببليوجرافية. | ||
| 546 | _aالنص باللغة العربية | ||
| 650 | 1 | 7 |
_2qrmak _aالموظفون _xإختيار |
| 650 | 1 | 7 |
_2qrmak _aالموظفون _xتعينات |
| 651 | 1 | 4 | _aالولايات المتحدة |
| 700 | 0 |
_aعبد الحليم مرسي طه _eمؤلف مشارك. |
|
| 856 | 4 | 0 | _uhttps://fll.law.cu.edu.eg/fulltext/bks/B07-00291.pdf |
| 905 |
_a73 _eEman |
||
| 942 |
_2ddc _n0 _cBK _e21 |
||
| 999 |
_c41476 _d41476 |
||